MARC details
| 000 -CABECERA |
| campo de control de longitud fija |
02002nam a22001937a 4500 |
| 008 - DATOS DE LONGITUD FIJA--INFORMACIÓN GENERAL |
| campo de control de longitud fija |
251008b |||||||| |||| 00| 0 eng d |
| 020 ## - NÚMERO INTERNACIONAL ESTÁNDAR DEL LIBRO |
| Número Internacional Estándar del Libro |
9781398618992 |
| 040 ## - FUENTE DE LA CATALOGACIÓN |
| Centro/agencia transcriptor |
tbs |
| 041 ## - CÓDIGO DE LENGUA |
| Código de lengua del texto/banda sonora o título independiente |
eng |
| 050 ## - SIGNATURA TOPOGRÁFICA DE LA BIBLIOTECA DEL CONGRESO |
| Número de clasificación |
HD69.B7 |
| Número de documento/Ítem |
F37 2025 |
| 100 ## - ENTRADA PRINCIPAL--NOMBRE DE PERSONA |
| Nombre de persona |
Fataar, Leila |
| 9 (RLIN) |
26065 |
| Término indicativo de función/relación |
author |
| 245 ## - MENCIÓN DE TÍTULO |
| Título |
Culture-led brands |
| Resto del título |
: drive growth, build resilience and cultivate resonance |
| Mención de responsabilidad, etc. |
/ Leila Fataar. |
| 260 ## - PUBLICACIÓN, DISTRIBUCIÓN, ETC. |
| Lugar de publicación, distribución, etc. |
London : |
| Nombre del editor, distribuidor, etc. |
KoganPage, |
| Fecha de publicación, distribución, etc. |
2025. |
| 300 ## - DESCRIPCIÓN FÍSICA |
| Extensión |
xvii, 245 pages : |
| Otras características físicas |
illustrations ; |
| Dimensiones |
24 cm. |
| 520 ## - SUMARIO, ETC. |
| Sumario, etc. |
In a world of relentless change and pervasive uncertainty, brands can only thrive if they become adept at reading and responding to cultural currents and signals. Today, cultural relevance is not just a marketing output, but a foundational element of successful contemporary business strategy. Brands no longer operate in a vacuum; instead, they are active participants in a global dialogue impacting culture and communities, both geographical and through fandoms. This book equips leaders with the tools to navigate this rapidly evolving business landscape, embracing uncertainty and harnessing cultural relevance to drive growth. Covering everything from marketing to commerce, innovation and creativity, political sensitivity and technology transformations all the way to diversity and inclusion, environmental consciousness and how to credibly leverage the influence of cultural voices, this book enables you to build a culture-led growth strategy and create a resilient brand. With real-world examples from brands like adidas Originals, Guinness and YouTube, this book provides a practical framework for embedding cultural relevance throughout your entire brand. It encourages leaders to rethink not just their external messaging, but their internal values and operations to create a culture-led branding and business strategy that is adaptive, authentic and accountable. |
| 650 #0 - PUNTO DE ACCESO ADICIONAL DE MATERIA--TÉRMINO DE MATERIA |
| Término de materia o nombre geográfico como elemento de entrada |
Brand name products |
| Subdivisión general |
Social aspects |
| 9 (RLIN) |
26066 |
| 650 #0 - PUNTO DE ACCESO ADICIONAL DE MATERIA--TÉRMINO DE MATERIA |
| Término de materia o nombre geográfico como elemento de entrada |
Branding (Marketing) |
| Subdivisión general |
Social aspects |
| 9 (RLIN) |
8758 |
| 942 ## - ELEMENTOS DE ENTRADA AGREGADA (KOHA) |
| Fuente del sistema de clasificación o colocación |
Clasificación de Library of Congress |